| 000 | 01745nam0a2200373 4500 | ||
|---|---|---|---|
| 001 | RU\NLR\BIBL_A\022619484 | ||
| 005 | 20260420053207.0 | ||
| 010 |
_a978-5-91076-298-9 _9500 |
||
| 021 |
_aRU _bКН-П-25-043246 _9КН-П-25-4209 |
||
| 035 | _a(NLR Aleph) 022619484 | ||
| 090 |
_a13684085 _c13684085 |
||
| 100 | _a20250911d2025 k y0rusy50 ca | ||
| 101 | 0 | _arus | |
| 102 | _aRU | ||
| 105 | _aab||z|||100yy | ||
| 181 | 0 |
_ai3 _baxxe |
|
| 182 | 0 | _an | |
| 200 | 1 |
_aXVI Конгресс антропологов и этнологов России _eКАЭР, 2025 _eматериалы пленарного заседания, Пермь, 2-6 июля 2025 г. _fАдминистрация губернатора Пермского края [и др.] |
|
| 203 |
_aТекст _bвизуальный _cнепосредственный |
||
| 210 |
_aСанкт-Петербург _cМаматов _d2025 |
||
| 215 |
_a167 с. _cил., карта, табл. _d24 |
||
| 320 | _aБиблиогр. в конце ст. | ||
| 333 | _a12+ | ||
| 517 | 1 | _aШестнадцатый Конгресс антропологов и этнологов России | |
| 606 | 1 |
_aАнтропология _jСъезды, совещания и т.п _9918686 _3RU\NLR\AUTH\6617365 |
|
| 607 |
_aРоссия _jСъезды, совещания и т.п _xЭтнографические исследования _91557065 _3RU\NLR\AUTH\66981234 |
||
| 686 | 1 | _aЕ7я431 | |
| 686 | 1 | _aТ52(2)я431 | |
| 710 | 1 | 2 |
_aКонгресс антропологов и этнологов России _d16 _eПермь _f2025 _92676949 _3RU\NLR\AUTH\880630997 |
| 942 | _cBOOK | ||
| 980 | _aNB | ||